<?xml version="1.0" encoding="UTF-8"?>
<record
    xmlns:xsi="http://www.w3.org/2001/XMLSchema-instance"
    xsi:schemaLocation="http://www.loc.gov/MARC21/slim http://www.loc.gov/standards/marcxml/schema/MARC21slim.xsd"
    xmlns="http://www.loc.gov/MARC21/slim">

  <leader>01410nam a2200217Ia 4500</leader>
  <controlfield tag="003">OSt</controlfield>
  <controlfield tag="005">20260109112821.0</controlfield>
  <controlfield tag="008">210719s1998    xx            000 0 und d</controlfield>
  <datafield tag="040" ind1=" " ind2=" ">
    <subfield code="c">AL</subfield>
  </datafield>
  <datafield tag="041" ind1=" " ind2=" ">
    <subfield code="a">Kannada</subfield>
  </datafield>
  <datafield tag="082" ind1=" " ind2=" ">
    <subfield code="a">398.2K YAKS</subfield>
  </datafield>
  <datafield tag="100" ind1=" " ind2=" ">
    <subfield code="a">Prashanth Madtha</subfield>
    <subfield code="9">134413</subfield>
    <subfield code="d">&#xCAA;&#xCCD;&#xCB0;&#xCB6;&#xCBE;&#xC82;&#xCA4;&#xCCD; &#xCAE;&#xCBE;&#xCA1;&#xCCD;&#xCA4;</subfield>
  </datafield>
  <datafield tag="245" ind1=" " ind2=" ">
    <subfield code="a">Yakshasugandha.</subfield>
    <subfield code="b">&#xCAF;&#xC95;&#xCCD;&#xCB7;&#xCB8;&#xCC1;&#xC97;&#xC82;&#xCA7;</subfield>
  </datafield>
  <datafield tag="260" ind1=" " ind2=" ">
    <subfield code="a">Mangaluru.</subfield>
    <subfield code="b">Yakshagana Sangha, St Aloysius College</subfield>
    <subfield code="c">1998</subfield>
  </datafield>
  <datafield tag="300" ind1=" " ind2=" ">
    <subfield code="a">38</subfield>
    <subfield code="b">PB</subfield>
  </datafield>
  <datafield tag="365" ind1=" " ind2=" ">
    <subfield code="b">20</subfield>
    <subfield code="c">Rs</subfield>
  </datafield>
  <datafield tag="520" ind1=" " ind2=" ">
    <subfield code="a">&#xCAA;&#xCB0;&#xCBF;&#xCB5;&#xCBF;&#xCA1;&#xCBF;

1. &#xCAF;&#xC95;&#xCCD;&#xCB7;&#xC97;&#xCBE;&#xCA8;&#xCA6; &#xC95;&#xCB2;&#xCBE;&#xCAD;&#xCBE;&#xCB7;&#xCC6;- &#xCA1;&#xCBE;.&#xC8E;&#xC82;. &#xCAA;&#xCCD;&#xCB0;&#xCAD;&#xCBE;&#xC95;&#xCB0; &#xC9C;&#xCCB;&#xCB6;&#xCBF;
2. &#xC97;&#xCBE;&#xCA8;-&#xCAF;&#xC95;&#xCCD;&#xCB7;, &#xCAD;&#xCBE;&#xCB7;&#xCC6; &#xCA4;&#xCC1;&#xCB3;&#xCC1;-&#xCB8;&#xCA4;&#xCCD;&#xCAF;&#xC97;&#xCA3;&#xCAA;&#xCA4;&#xCBF;,
3. &#xCAF;&#xC95;&#xCCD;&#xCB7;&#xC97;&#xCBE;&#xCA8; &#xCB0;&#xC82;&#xC97; &#xCA4;&#xC82;&#xCA4;&#xCCD;&#xCB0; &#xC85;&#xC82;&#xCA6;&#xCC1;-&#xC87;&#xC82;&#xCA6;&#xCC1;-&#xC95;&#xCC6;.&#xC8E;&#xC82;. &#xCB0;&#xCBE;&#xC98;&#xCB5; &#xCA8;&#xC82;&#xCAC;&#xCBF;&#xCAF;&#xCBE;&#xCB0;&#xCCD;
4. &#xCAA;&#xCBE;&#xCB0;&#xCCD;&#xCA4;&#xCBF;&#xCB8;&#xCC1;&#xCAC;&#xCCD;&#xCAC;&#xCA8; &#xC95;&#xCA5;&#xCBE; &#xCB8;&#xC82;&#xCB5;&#xCBF;&#xCA7;&#xCBE;&#xCA8; - &#xC85;&#xCAE;&#xCC3;&#xCA4; &#xCB8;&#xCCB;&#xCAE;&#xCC7;&#xCB6;&#xCCD;&#xCB5;&#xCB0;
5. &#xCAF;&#xC95;&#xCCD;&#xCB7;&#xC97;&#xCBE;&#xCA8;&#xCA6;&#xCB2;&#xCCD;&#xCB2;&#xCBF; &#xCAC;&#xCA3;&#xCCD;&#xCA3;-&#xCAE;&#xCC1;&#xCB3;&#xCBF;&#xCAF; &#xCAE;&#xCB9;&#xCBE;&#xCAC;&#xCB2; &#xCAD;&#xC9F;&#xCCD;&#xC9F;
6. &#xCA8;&#xCC6;&#xCA1;&#xCCD;&#xCB2;&#xCC6; &#xCAF;&#xCB5;&#xCB0; &#xC9A;&#xCC6;&#xC82;&#xCA1;&#xCC6;&#xCAF; &#xCB0;&#xCB5;- &#xC97;&#xCA3;&#xCC7;&#xCB6;&#xCCD; &#xCAD;&#xC9F;&#xCCD;., &#xCB6;&#xCB0;&#xCA4;&#xCCD;
7. &#xC95;&#xCB0;&#xCBE;&#xCB5;&#xCB3;&#xCBF; &#xCAF;&#xC95;&#xCCD;&#xCB7;&#xC97;&#xCBE;&#xCA8; &#xCAC;&#xCAF;&#xCB2;&#xCBE;&#xC9F; : &#xC92;&#xC82;&#xCA6;&#xCC1; &#xCAA;&#xCB0;&#xCBF;&#xC9A;&#xCAF;-&#xCA1;&#xCBE;.&#xCA8;&#xCBE;. &#xCA6;&#xCBE;&#xCAE;&#xCCB;&#xCA6;&#xCB0; &#xCB6;&#xCC6;&#xC9F;&#xCCD;&#xC9F;&#xCBF;</subfield>
  </datafield>
  <datafield tag="650" ind1=" " ind2=" ">
    <subfield code="a">Yakshagana</subfield>
    <subfield code="9">134411</subfield>
  </datafield>
  <datafield tag="906" ind1=" " ind2=" ">
    <subfield code="a">Yakshagana St. Aloysius College</subfield>
  </datafield>
  <datafield tag="942" ind1=" " ind2=" ">
    <subfield code="2">ddc</subfield>
    <subfield code="c">BK</subfield>
  </datafield>
  <datafield tag="999" ind1=" " ind2=" ">
    <subfield code="c">213401</subfield>
    <subfield code="d">213401</subfield>
  </datafield>
  <datafield tag="952" ind1=" " ind2=" ">
    <subfield code="0">0</subfield>
    <subfield code="1">0</subfield>
    <subfield code="2">ddc</subfield>
    <subfield code="4">0</subfield>
    <subfield code="7">0</subfield>
    <subfield code="8">KAN</subfield>
    <subfield code="a">AL</subfield>
    <subfield code="b">AL</subfield>
    <subfield code="d">1998-12-09</subfield>
    <subfield code="g">20.00</subfield>
    <subfield code="l">0</subfield>
    <subfield code="o">398.2K YAKS</subfield>
    <subfield code="p">D01641</subfield>
    <subfield code="r">2021-07-19 00:00:00</subfield>
    <subfield code="w">2021-07-19</subfield>
    <subfield code="y">DB</subfield>
  </datafield>
  <datafield tag="952" ind1=" " ind2=" ">
    <subfield code="0">0</subfield>
    <subfield code="1">0</subfield>
    <subfield code="2">ddc</subfield>
    <subfield code="4">0</subfield>
    <subfield code="7">0</subfield>
    <subfield code="8">KAN</subfield>
    <subfield code="a">AL</subfield>
    <subfield code="b">AL</subfield>
    <subfield code="d">1998-12-09</subfield>
    <subfield code="g">20.00</subfield>
    <subfield code="l">0</subfield>
    <subfield code="o">398.2K YAKS</subfield>
    <subfield code="p">D01642</subfield>
    <subfield code="r">2021-07-19 00:00:00</subfield>
    <subfield code="w">2021-07-19</subfield>
    <subfield code="y">DB</subfield>
  </datafield>
  <datafield tag="952" ind1=" " ind2=" ">
    <subfield code="0">0</subfield>
    <subfield code="1">0</subfield>
    <subfield code="2">ddc</subfield>
    <subfield code="4">0</subfield>
    <subfield code="7">0</subfield>
    <subfield code="8">KAN</subfield>
    <subfield code="a">AL</subfield>
    <subfield code="b">AL</subfield>
    <subfield code="d">1998-12-09</subfield>
    <subfield code="g">20.00</subfield>
    <subfield code="l">0</subfield>
    <subfield code="o">398.2K YAKS</subfield>
    <subfield code="p">D01643</subfield>
    <subfield code="r">2021-07-19 00:00:00</subfield>
    <subfield code="w">2021-07-19</subfield>
    <subfield code="y">DB</subfield>
  </datafield>
  <datafield tag="952" ind1=" " ind2=" ">
    <subfield code="0">0</subfield>
    <subfield code="1">0</subfield>
    <subfield code="2">ddc</subfield>
    <subfield code="4">0</subfield>
    <subfield code="7">0</subfield>
    <subfield code="8">KAN</subfield>
    <subfield code="a">AL</subfield>
    <subfield code="b">AL</subfield>
    <subfield code="d">1998-12-09</subfield>
    <subfield code="g">20.00</subfield>
    <subfield code="l">0</subfield>
    <subfield code="o">398.2K YAKS</subfield>
    <subfield code="p">D01644</subfield>
    <subfield code="r">2021-07-19 00:00:00</subfield>
    <subfield code="w">2021-07-19</subfield>
    <subfield code="y">DB</subfield>
  </datafield>
  <datafield tag="952" ind1=" " ind2=" ">
    <subfield code="0">0</subfield>
    <subfield code="1">0</subfield>
    <subfield code="2">ddc</subfield>
    <subfield code="4">0</subfield>
    <subfield code="7">0</subfield>
    <subfield code="8">KAN</subfield>
    <subfield code="a">AL</subfield>
    <subfield code="b">AL</subfield>
    <subfield code="d">1998-12-09</subfield>
    <subfield code="g">20.00</subfield>
    <subfield code="l">0</subfield>
    <subfield code="o">398.2K YAKS</subfield>
    <subfield code="p">D01645</subfield>
    <subfield code="r">2021-07-19 00:00:00</subfield>
    <subfield code="w">2021-07-19</subfield>
    <subfield code="y">DB</subfield>
  </datafield>
  <datafield tag="952" ind1=" " ind2=" ">
    <subfield code="0">0</subfield>
    <subfield code="1">0</subfield>
    <subfield code="2">ddc</subfield>
    <subfield code="4">0</subfield>
    <subfield code="7">0</subfield>
    <subfield code="8">KAN</subfield>
    <subfield code="a">AL</subfield>
    <subfield code="b">AL</subfield>
    <subfield code="d">2000-02-28</subfield>
    <subfield code="g">20.00</subfield>
    <subfield code="l">0</subfield>
    <subfield code="o">398.2K YAKS</subfield>
    <subfield code="p">D01848</subfield>
    <subfield code="r">2021-07-19 00:00:00</subfield>
    <subfield code="w">2021-07-19</subfield>
    <subfield code="y">DB</subfield>
  </datafield>
</record>
